| 000 | 00535nam a22001577a 4500 | ||
|---|---|---|---|
| 020 | _qHard Cover. | ||
| 082 | _a658 | ||
| 100 | _aMuhammad Mohsin Iqbal. | ||
| 245 |
_aRobustness of Fama & French 3 Factors Model Along with Momentum Factor for Karachi Stock Exchange _cMuhammad Mohsin Iqbal. |
||
| 260 |
_aIslamabad : _bNBS - NUST, _c2016. |
||
| 300 |
_axi, 60 p. : ill, ; _c30cm. |
||
| 650 |
_aMBA Thesis. _917629 |
||
| 700 |
_aSyed Haroon Rashid. _917932 |
||
| 942 |
_2ddc _cTHE |
||
| 999 |
_c532545 _d532545 |
||